Match the NFL team to city - Statistics

General Stats
  • This quiz has been taken 28 times
  • The average score is 9 of 10
Answer Stats
Question Answer % Correct
Falcons Atlanta
100%
Browns Cleveland
100%
Lions Detroit
100%
Seahawks Seattle
100%
Cardinals Arizona
86%
Bills Buffalo
86%
Texans Houston
86%
Vikings Minnesota
86%
Steelers Pittsburgh
86%
Raiders Las Vegas
57%
No matching quizzes found
Score Distribution
Percent of People with Each Score
Percentile by Number Answered
Your Score History
You have not taken this quiz